The Theoretical Scenario Experienced in a Real-Life Case of Ulcerative Colitis and Associated Primary Sclerosing Cholangitis Case 123. /

Elmentve itt :
Bibliográfiai részletek
Szerzők: Pigniczki Daniella
Farkas Klaudia
Molnár Tamás
Dokumentumtípus: Cikk
Megjelent: 2020
Sorozat:INFLAMMATORY BOWEL DISEASES 26 No. 5
doi:10.1093/ibd/izaa028

mtmt:31180461
Online Access:http://publicatio.bibl.u-szeged.hu/21988
LEADER 00833nab a2200217 i 4500
001 publ21988
005 20210730163755.0
008 210730s2020 hu o 0|| zxx d
022 |a 1078-0998 
024 7 |a 10.1093/ibd/izaa028  |2 doi 
024 7 |a 31180461  |2 mtmt 
040 |a SZTE Publicatio Repozitórium  |b hun 
041 |a zxx 
100 1 |a Pigniczki Daniella 
245 1 4 |a The Theoretical Scenario Experienced in a Real-Life Case of Ulcerative Colitis and Associated Primary Sclerosing Cholangitis  |h [elektronikus dokumentum] :  |b Case 123. /  |c  Pigniczki Daniella 
260 |c 2020 
300 |a Terjedelem: 1 p-Azonosító: e37 
490 0 |a INFLAMMATORY BOWEL DISEASES  |v 26 No. 5 
700 0 1 |a Farkas Klaudia  |e aut 
700 0 1 |a Molnár Tamás  |e aut 
856 4 0 |u http://publicatio.bibl.u-szeged.hu/21988/1/Pigniczky2020.pdf  |z Dokumentum-elérés